[Event "Persist/tech 1"]
[Site "http://www.queenalice.com/game.php?id=371530"]
[Date "2008.3.15"]
[Round "-"]
[White "Persist"]
[Black "technicaldraw"]
[Result "0-1"]
[WhiteElo "1539"]
[BlackElo "2015"]

1. d4 Nf6 2. c4 e6 3. Nc3 Bb4 4. e3 O-O 5. Bd3 d5 6. Nf3 Nc6 7. O-O a6 8. Ne2
dxc4 9. Bxc4 Ne7 10. Bd3 b5 11. a3 Ba5 12. Bd2 Bxd2 13. Nxd2 c5 14. Ne4 c4 15.
Nxf6+ gxf6 16. Be4 Rb8 17. Ng3 Kh8 18. f4 Rg8 19. f5 exf5 20. Nxf5 Bxf5 21. Bxf5
Rg5 22. Qc2 Qd5 23. Be4 Qd7 24. Kh1 f5 25. Bf3 Nd5 26. Bxd5 Qxd5 27. Rf2 Rbg8
28. Re1 h5 29. Ree2 h4 30. Kg1 h3 31. g3 Rxg3+ 0-1

[Event "Challenge"]
[Site "http://www.queenalice.com/game.php?id=372399"]
[Date "2008.3.17"]
[Round "-"]
[White "dotromundo"]
[Black "Persist"]
[Result "0-1"]
[WhiteElo "1581"]
[BlackElo "1599"]

1. e4 d6 2. b4 a5 3. b5 Nf6 4. f3 e5 5. Bb2 Nxe4 6. fxe4 Qh4+ 7. g3 Qxe4+ 8. Qe2
Qxc2 9. Bc3 Qc1+ 10. Kf2 Qc2 11. g4 h5 12. Bh3 Be7 13. Nf3 hxg4 14. Ne1 Qf5+ 15.
Qf3 Rxh3 16. Qxf5 Bxf5 17. Ng2 Nd7 18. Ne3 Be4 19. Ng2 Nc5 20. d4 exd4 21. Bxd4
Nd3+ 22. Kg1 Bxg2 23. Kxg2 Nf4+ 24. Kf1 Rf3+ 25. Ke1 Bh4+ 26. Kd1 Rd3+ 27. Kc2
Rxd4 28. Nc3 Rc4 29. Kb3 Rb4+ 30. Kc2 O-O-O 31. a4 Bf6 32. Rae1 Rc4 33. Re3 Nd5
34. Rd3 Nxc3 35. Kb3 Rb4+ 36. Kc2 Nxa4 37. Ra3 Re8 38. Kd2 Bg5+ 39. Kd1 Rb1+ 40.
Kc2 Rb2+ 41. Kd3 Rd2+ 42. Kc4 Re4+ 43. Kb3 Nc5+ 44. Kc3 Rd3+ 45. Kb2 Re2+ 46.
Kb1 Rxa3 47. h4 Rb3+ 48. Ka1 Bf6# 0-1

[Event "Challenge"]
[Site "http://www.queenalice.com/game.php?id=373861"]
[Date "2008.3.19"]
[Round "-"]
[White "kfe"]
[Black "Persist"]
[Result "0-1"]
[WhiteElo "1622"]
[BlackElo "1539"]

1. c4 Nf6 2. d4 g6 3. b4 Bg7 4. e3 O-O 5. f4 d5 6. c5 Bf5 7. Nc3 c6 8. b5 Nbd7
9. Nf3 Ne4 10. Bb2 Nxc3 11. Bxc3 Be4 12. Be2 cxb5 13. Rg1 Nxc5 14. Qc1 Na4 15.
Rb1 Bxb1 16. Qxb1 Nxc3 17. Qb2 Nxe2 18. Qxe2 Rc8 19. Qxb5 Rc1+ 20. Kf2 Rxg1 21.
Kxg1 e6 22. Qxb7 Qb8 23. Qe7 Qb1+ 24. Kf2 Qxa2+ 25. Kg1 a5 26. Qh4 a4 27. Ng5 h6
28. Nf3 a3 29. g4 Qb1+ 0-1

[Event "Challenge"]
[Site "http://www.queenalice.com/game.php?id=378580"]
[Date "2008.3.29"]
[Round "-"]
[White "Persist"]
[Black "dotromundo"]
[Result "1-0"]
[WhiteElo "1641"]
[BlackElo "1568"]

1. d4 b6 2. e4 h6 3. c4 Nf6 4. Nc3 Bb7 5. Bd3 d6 6. Nge2 e5 7. d5 Ng4 8. O-O Nd7
9. h3 h5 10. Ng3 Qh4 11. Nf5 Qf6 12. f3 Nh6 13. Nb5 Qd8 14. f4 g6 15. Nxh6 Bxh6
16. Qf3 O-O 17. f5 Bxc1 18. Raxc1 Nf6 19. Qg3 c6 20. Nc3 Kg7 21. fxg6 fxg6 22.
Rf5 Ng4 23. Rxf8 Qxf8 24. hxg4 Qh8 25. Be2 h4 26. Qe3 Rf8 27. Rf1 Rf4 28. Rxf4
exf4 29. Qxf4 cxd5 30. exd5 Bc8 31. Qd4+ Kg8 32. Qxh8+ Kxh8 33. Nb5 a6 34. Nxd6
Bd7 35. Kh2 a5 36. Kh3 Kg7 37. Kxh4 Kf6 38. Nb5 g5+ 39. Kg3 Be8 40. Bd3 Ke5 41.
a4 Kf6 42. Bf5 Ke7 43. d6+ Kd8 44. Kf3 Bf7 45. b3 Bg8 46. Ke4 Bf7 47. Ke5 Be8
48. Kf6 Bd7 49. Bxd7 Kxd7 50. Kxg5 Ke6 51. Kg6 Kd7 52. Kf7 Kd8 53. Ke6 Ke8 54.
Nd4 Kd8 55. d7 Kc7 56. Ke7 Kb7 57. d8=Q Ka7 58. Nb5+ Kb7 59. Qc7+ Ka6 60. Qa7#
1-0

[Event "Let's Play Chess!"]
[Site "http://www.queenalice.com/game.php?id=398566"]
[Date "2008.5.6"]
[Round "-"]
[White "Persist"]
[Black "spawnwolfwolverine"]
[Result "1-0"]
[WhiteElo "1708"]
[BlackElo "1607"]

1. d4 d5 2. c4 e6 3. Nc3 Bb4 4. Nf3 dxc4 5. e4 b5 6. a4 c6 7. Bd2 Ne7 8. Be2 O-O
9. O-O a6 10. axb5 cxb5 11. Nxb5 Bxd2 12. Qxd2 Bb7 13. Nc3 Qc7 14. Ra4 Nbc6 15.
Rxc4 Qa5 16. Ra4 Qh5 17. Qg5 Qxg5 18. Nxg5 Ng6 19. f3 h6 20. Nh3 Rad8 21. d5
exd5 22. Nxd5 Nce5 23. Nhf4 Bxd5 24. Nxd5 Ra8 25. Rfa1 a5 26. Rxa5 Rxa5 27. Rxa5
f6 28. b4 Rc8 29. b5 Nc4 30. Ra6 Nce5 31. Ra7 Nf8 32. b6 Nfd7 33. Ne7+ Kh7 34.
Nxc8 Nxb6 35. Nxb6 Kg6 36. Nd5 Kg5 37. Rxg7+ Kh5 38. f4+ Kh4 39. g3+ Kh3 40.
Bf1# 1-0

[Event "Let's Play Chess!"]
[Site "http://www.queenalice.com/game.php?id=398567"]
[Date "2008.5.6"]
[Round "-"]
[White "spawnwolfwolverine"]
[Black "Persist"]
[Result "0-1"]
[WhiteElo "1572"]
[BlackElo "1731"]

1. e4 c5 2. d3 Nc6 3. Nf3 d6 4. Be2 Nf6 5. O-O e5 6. Bg5 Be7 7. c4 h6 8. Bxf6
Bxf6 9. a3 O-O 10. Nbd2 g6 11. h3 Bg7 12. g4 Nd4 13. Nxd4 cxd4 14. f3 Qh4 15.
Kh2 f5 16. exf5 gxf5 17. Qe1 Qxe1 18. Raxe1 fxg4 19. fxg4 Be6 20. Rxf8+ Rxf8 21.
Rf1 Rxf1 22. Nxf1 b6 23. b4 Bf6 24. a4 Be7 25. Ng3 d5 26. cxd5 Bxd5 27. Nf5 Bf8
28. a5 bxa5 29. bxa5 Kh7 30. Kg3 a6 31. h4 Bb4 32. h5 Bxa5 33. Kh4 Be1+ 34. Kh3
a5 35. Bd1 Bc6 36. Ne7 Bb7 37. Bc2 Bb4 38. Nf5 Bc6 39. Kh4 a4 40. Bxa4 Bxa4 41.
g5 Be1+ 42. Kg4 Bd1+ 43. Kh3 hxg5 44. Ng3 Bxg3 45. Kxg3 Kh6 46. Kh3 Kxh5 47. Kg3
Be2 48. Kh3 Bxd3 49. Kg3 Bf5 50. Kf3 Kh4 51. Ke2 Kg3 52. Kf1 e4 53. Kg1 Bh3 54.
Kh1 d3 55. Kg1 d2 56. Kh1 d1=R# 0-1

[Event "Let's Play Chess!"]
[Site "http://www.queenalice.com/game.php?id=405456"]
[Date "2008.5.20"]
[Round "-"]
[White "Persist"]
[Black "Matrim"]
[Result "1-0"]
[WhiteElo "1852"]
[BlackElo "1733"]

1. d4 d5 2. c4 c6 3. Nf3 h5 4. h4 dxc4 5. e4 b5 6. a4 b4 7. Bxc4 f6 8. O-O a5 9.
Qb3 Nh6 10. Bxh6 Rxh6 11. Bf7+ Kd7 12. Be6+ Ke8 13. Nbd2 Bxe6 14. Qxe6 Ra6 15.
Nb3 c5 16. Qc4 Qc8 17. Nxc5 Rc6 18. Qb5 Rg6 19. g3 e5 20. d5 Bxc5 21. dxc6 Qxc6
22. Qxc6+ Nxc6 23. Rac1 Nd4 24. Nxd4 Bxd4 25. b3 Rg4 26. Rfe1 Rxg3+ 27. Kf1 Rxb3
28. Rc8+ Kf7 29. Ra8 Bb6 30. Ra6 Bd8 31. Rd1 Ra3 32. Rxd8 b3 33. Rb8 g5 34. hxg5
fxg5 35. Rb7+ Kg8 36. Ra8# 1-0

[Event "Let's Play Chess!"]
[Site "http://www.queenalice.com/game.php?id=405457"]
[Date "2008.5.20"]
[Round "-"]
[White "SRIVERO"]
[Black "Persist"]
[Result "0-1"]
[WhiteElo "1738"]
[BlackElo "1748"]

1. d4 Nf6 2. c4 g6 3. Nc3 Bg7 4. e4 d6 5. Nf3 O-O 6. Be2 e5 7. Be3 Ng4 8. Bg5 f6
9. Bh4 g5 10. Bg3 Nh6 11. Qb3 Kh8 12. h4 g4 13. Nd2 exd4 14. Nd5 c6 15. Nf4 Na6
16. a3 Nc5 17. Qd1 f5 18. Qc2 fxe4 19. Nxe4 Nxe4 20. Qxe4 Bf5 21. Ne6 Bxe4 22.
Nxd8 Raxd8 23. O-O Be5 24. f4 gxf3 25. Bxf3 Bxf3 26. Bxe5+ dxe5 27. Rxf3 Rxf3
28. gxf3 c5 29. b4 b6 30. bxc5 bxc5 31. Rb1 Rd7 32. Rb5 Rc7 33. a4 Nf5 34. h5
Kg7 35. a5 Nd6 36. Rb2 Nxc4 37. Re2 d3 38. Re4 d2 0-1

[Event "Let's Play Chess!"]
[Site "http://www.queenalice.com/game.php?id=405667"]
[Date "2008.5.20"]
[Round "-"]
[White "Strogonoff"]
[Black "Persist"]
[Result "0-1"]
[WhiteElo "1881"]
[BlackElo "1774"]

1. e4 c5 2. Nf3 d6 3. d4 cxd4 4. Nxd4 Nf6 5. Nc3 a6 6. Bg5 e6 7. Bc4 Be7 8. O-O
b5 9. Bd3 Bb7 10. Qf3 Qb6 11. Nde2 Nbd7 12. Qg3 Qc5 13. Be3 Qc7 14. Qxg7 Rg8 15.
Qh6 Ne5 16. Bg5 Nfg4 17. Qxh7 Rxg5 18. Qh8+ Kd7 19. Qh3 Rag8 20. g3 Nf3+ 21. Kh1
Ngxh2 22. Rfd1 Ng4 23. Nf4 Nxf2+ 0-1

[Event "Let's Play Chess!"]
[Site "http://www.queenalice.com/game.php?id=408076"]
[Date "2008.5.25"]
[Round "-"]
[White "Persist"]
[Black "CampbellMarcel"]
[Result "1-0"]
[WhiteElo "1864"]
[BlackElo "1869"]

1. d4 c5 2. d5 d6 3. c4 e5 4. e4 Bd7 5. Nf3 h6 6. Nc3 Na6 7. Be2 Be7 8. Bd2 Nf6
9. h3 Nc7 10. O-O Qc8 11. Kh2 g5 12. Ng1 h5 13. g3 g4 14. h4 a6 15. Re1 b5 16.
Bd3 b4 17. Nce2 a5 18. Bg5 Nh7 19. Bxe7 Kxe7 20. Qd2 f6 21. Qh6 Qe8 22. f4 Ng5
23. Qg7+ Nf7 24. fxe5 dxe5 25. Rf1 Rh6 26. Rf2 Qh8 27. Qxh8 Nxh8 28. Raf1 Rf8
29. Nc1 a4 30. b3 a3 31. Bc2 Kd6 32. Nge2 Ne8 33. Nd3 Ng7 34. Ne1 Ke7 35. Ng2
Nf7 36. Ne3 Nd6 37. Kg2 Rf7 38. Nc1 Rh8 39. Ne2 Rhf8 40. Kg1 f5 41. exf5 Ngxf5
42. Nxf5+ Bxf5 43. Bxf5 Nxf5 44. Kh2 Ne3 45. Rxf7+ Rxf7 46. Rxf7+ Kxf7 47. Kg1
Nd1 48. Kf1 Nc3 49. Nc1 Ne4 50. Ne2 Ke7 51. Ke1 Nd6 52. Kf2 e4 53. Ke3 Kf6 54.
Kf4 Ke7 55. Nc1 Kf6 56. Ne2 Nf5 57. Kxe4 Nd6+ 58. Kd3 Nf5 59. Ke4 Nd6+ 60. Kd3
Ke5 61. Nc1 Ne4 62. Ne2 Nd6 63. Nf4 Ne4 64. Ne2 1-0

[Event "Let's Play Chess!"]
[Site "http://www.queenalice.com/game.php?id=408077"]
[Date "2008.5.25"]
[Round "-"]
[White "CampbellMarcel"]
[Black "Persist"]
[Result "0-1"]
[WhiteElo "1454"]
[BlackElo "1866"]

1. e4 c5 2. Nf3 d6 3. Be2 Nf6 4. e5 dxe5 5. Nxe5 Qc7 6. f4 Nbd7 7. Bb5 a6 8.
Bxd7+ Nxd7 9. Nxd7 Bxd7 10. d4 O-O-O 11. Be3 e6 12. O-O Bc6 13. c3 h5 14. Nd2
cxd4 15. Bxd4 Bc5 16. Bxc5 Bxg2 0-1

[Event "Let's Play Chess!"]
[Site "http://www.queenalice.com/game.php?id=408131"]
[Date "2008.5.25"]
[Round "-"]
[White "Persist"]
[Black "SRIVERO"]
[Result "1-0"]
[WhiteElo "1818"]
[BlackElo "1747"]

1. d4 d5 2. c4 e6 3. Nc3 Bb4 4. Nf3 Nf6 5. e3 O-O 6. Bd3 dxc4 7. Bxc4 c5 8. O-O
a5 9. Ne2 a4 10. Qc2 Bd7 11. Ne5 Bc6 12. Nxc6 Nxc6 13. a3 Ba5 14. dxc5 Ng4 15.
h3 Nge5 16. Bb5 Ne7 17. Bxa4 f5 18. b4 Bc7 19. Nf4 N5g6 20. Nxe6 Qd5 21. Bb3 Qe5
22. Nxc7+ Kh8 23. Nxa8 Rxa8 24. Bb2 Qe4 25. Qc3 Ne5 26. Qxe5 1-0

[Event "Let's Play Chess!"]
[Site "http://www.queenalice.com/game.php?id=408132"]
[Date "2008.5.25"]
[Round "-"]
[White "SRIVERO"]
[Black "Persist"]
[Result "0-1"]
[WhiteElo "1736"]
[BlackElo "1837"]

1. d4 Nf6 2. c4 g6 3. Nc3 Bg7 4. e4 d6 5. Nf3 O-O 6. Be2 e5 7. Be3 Ng4 8. Bg5 f6
9. Bh4 g5 10. Bg3 Nh6 11. Qc2 Nc6 12. dxe5 fxe5 13. h3 a5 14. a3 Nf7 15. h4 g4
16. Nh2 Nd4 17. Qd1 Nxe2 18. Qxe2 h5 19. O-O Be6 20. Nd5 Bxd5 21. cxd5 c5 22.
dxc6 bxc6 23. Rfd1 Qf6 24. Rac1 Rfc8 25. Rc3 Nd8 26. f3 Nf7 27. Rf1 Qg6 28. fxg4
hxg4 29. Nxg4 Nh6 30. Nxh6+ Bxh6 31. Rcf3 Rf8 32. Qd3 Rxf3 33. Rxf3 Qe6 34. Qf1
Rf8 35. Rxf8+ Bxf8 36. Qc1 Qg4 37. Qc3 Qxe4 38. b4 axb4 39. axb4 Qd4+ 40. Qxd4
exd4 41. Kf1 d5 42. Be5 Bxb4 43. Bxd4 c5 44. Be3 d4 45. Bc1 d3 46. Kf2 d2 47.
Bxd2 Bxd2 48. Kf3 c4 49. Ke2 c3 50. Kd1 Kg7 51. g4 Bf4 52. Kc2 Be5 53. g5 Kg6
54. Kd3 Bg7 55. Kc2 Kh5 56. Kd3 Kxh4 57. g6 Kg5 0-1

[Event "Let's Play Chess!"]
[Site "http://www.queenalice.com/game.php?id=408149"]
[Date "2008.5.26"]
[Round "-"]
[White "Persist"]
[Black "Strogonoff"]
[Result "0-1"]
[WhiteElo "1881"]
[BlackElo "1887"]

1. d4 d5 2. c4 e6 3. Nc3 a6 4. Nf3 dxc4 5. e3 b5 6. a4 b4 7. Na2 a5 8. Bxc4 Nf6
9. O-O Bd6 10. Re1 O-O 11. e4 Be7 12. Bg5 h6 13. Bh4 Nc6 14. Bxf6 Bxf6 15. d5
exd5 16. exd5 Ne7 17. Qb3 Bb7 18. Rad1 Qd6 19. Nd4 Bxd4 20. Rxd4 Nf5 21. Rg4
Rfe8 22. Rd1 Bc8 23. Qf3 Ne7 24. Rg3 Bb7 25. Qh5 Ng6 26. Re3 Rxe3 27. fxe3 c6
28. e4 cxd5 29. Bxd5 Bxd5 30. Rxd5 Qe6 31. Qf5 Qb6+ 32. Qf2 Qc6 33. b3 Ne7 34.
Rd1 Qxe4 35. Re1 Qb7 36. Qe2 Nd5 37. Qf3 Qb6+ 38. Kh1 Rd8 39. h3 Qf6 40. Qxf6
Nxf6 41. Nc1 Rd2 42. Kh2 Nd5 43. Re8+ Kh7 44. Rd8 Rc2 45. Nd3 Ne3 46. Nf4 g5 47.
Nh5 Rxg2+ 48. Kh1 Rb2 49. Rd3 Nf5 0-1

[Event "Let's Play Chess!"]
[Site "http://www.queenalice.com/game.php?id=408150"]
[Date "2008.5.27"]
[Round "-"]
[White "ted6"]
[Black "Persist"]
[Result "1/2-1/2"]
[WhiteElo "1870"]
[BlackElo "1919"]

1. e4 c5 2. Nf3 d6 3. d4 cxd4 4. Nxd4 Nf6 5. Nc3 a6 6. Be2 e5 7. Nb3 Be7 8. Bg5
Be6 9. O-O Nbd7 10. a4 O-O 11. Bd3 h6 12. Bh4 Rc8 13. Qe2 Qc7 14. Rad1 Rfe8 15.
Nd2 d5 16. exd5 Nxd5 17. Nxd5 Bxd5 18. Bxe7 Rxe7 19. Ne4 Bxe4 20. Qxe4 g6 21.
Qh4 Nc5 22. Qxh6 Nxa4 23. b3 Nb2 24. Rd2 Nxd3 25. Rxd3 Qxc2 26. Rh3 f6 27. Qh8+
Kf7 28. Rh7+ Ke6 29. Rxe7+ Kxe7 30. Qg7+ Ke6 31. Qxb7 Rc6 32. h3 a5 33. Qb5 Qc5
34. Qa4 f5 35. Ra1 Qc3 36. Rb1 Kf6 37. Ra1 e4 38. Qxa5 Qxa5 39. Rxa5 Rb6 40. Ra3
Ke5 41. Kf1 Kd4 42. Ke2 Kc3 43. Ra2 Rxb3 44. Rd2 Rb6 45. g3 Kc4 46. Ke3 g5 47.
Rd4+ Kc5 48. Rd1 Rb3+ 49. Ke2 Rb2+ 50. Ke3 Rb3+ 51. Ke2 Rb2+ 52. Rd2 Rxd2+ 53.
Kxd2 Kd4 54. Ke2 f4 55. gxf4 gxf4 56. h4 Ke5 57. Kf1 Kf5 58. Kg2 Kg6 59. Kh2 Kf5
60. Kg2 Kg6 61. Kh2 Kf5 62. Kg2 1/2-1/2

[Event "Let's Play Chess!"]
[Site "http://www.queenalice.com/game.php?id=408480"]
[Date "2008.5.27"]
[Round "-"]
[White "Persist"]
[Black "ketchuplover"]
[Result "1-0"]
[WhiteElo "1905"]
[BlackElo "1843"]

1. d4 Nf6 2. c4 g6 3. Nc3 Bg7 4. e4 d6 5. Nf3 O-O 6. Be2 Nbd7 7. O-O e5 8. Be3
Ng4 9. Bg5 f6 10. Bh4 a6 11. dxe5 Ndxe5 12. Nxe5 Nxe5 13. f4 Nc6 14. a3 Be6 15.
Qd3 Qd7 16. f5 Ne5 17. Qc2 Bf7 18. Nd5 Bxd5 19. exd5 g5 20. Be1 b6 21. g4 c5 22.
Bc3 Rab8 23. b3 b5 24. Rab1 Rfe8 25. Kg2 bxc4 26. bxc4 Rxb1 27. Rxb1 Nf7 28. Bf3
Qe7 29. Re1 Qxe1 30. Bxe1 Rxe1 31. Kf2 Re8 32. Qa4 Kf8 33. Qxa6 Rd8 34. Be2 Ne5
35. Qb7 Rd7 36. Qb8+ 1-0

[Event "Challenge"]
[Site "http://www.queenalice.com/game.php?id=408896"]
[Date "2008.5.27"]
[Round "-"]
[White "Nyvang"]
[Black "Persist"]
[Result "0-1"]
[WhiteElo "1794"]
[BlackElo "1866"]

1. b3 e5 2. Bb2 Nc6 3. g3 d5 4. Bg2 Nf6 5. Nf3 Be7 6. O-O e4 7. Nd4 Nxd4 8. Bxd4
O-O 9. d3 Bf5 10. Nc3 c5 11. Be5 Ng4 12. dxe4 dxe4 13. Bf4 Bf6 14. Qd2 Qxd2 15.
Bxd2 Rad8 16. Rad1 Rxd2 17. Nxe4 Rxd1 18. Nxf6+ Nxf6 19. Rxd1 b6 20. c4 Re8 21.
e3 h6 22. Rd5 Nxd5 0-1

[Event "Challenge"]
[Site "http://www.queenalice.com/game.php?id=414820"]
[Date "2008.6.8"]
[Round "-"]
[White "Strogonoff"]
[Black "Persist"]
[Result "0-1"]
[WhiteElo "1928"]
[BlackElo "1881"]

1. e4 c5 2. Nf3 d6 3. d4 cxd4 4. Nxd4 Nf6 5. Nc3 a6 6. Bg5 e6 7. Be2 Be7 8. O-O
O-O 9. f4 Qc7 10. f5 Nc6 11. Nxc6 bxc6 12. fxe6 fxe6 13. Bd3 h6 14. Be3 e5 15.
h3 Be6 16. Ne2 d5 17. exd5 cxd5 18. Ng3 e4 19. Be2 Qxg3 20. Bf2 Qc7 21. Bd4 Bc5
22. Bxc5 Qxc5+ 23. Kh1 a5 24. b3 Qc3 25. a4 Rfd8 26. Bb5 Rac8 27. Rc1 d4 28. Qe1
Qxe1 29. Rfxe1 Bd5 30. Rcd1 Bb7 31. Re2 e3 32. Bc4+ Kh8 33. Bd3 Nh5 34. Kh2 Nf4
35. Ree1 Nxd3 36. Rxd3 Be4 0-1

[Event "Challenge"]
[Site "http://www.queenalice.com/game.php?id=432853"]
[Date "2008.7.13"]
[Round "-"]
[White "ORNELAS"]
[Black "Persist"]
[Result "1-0"]
[WhiteElo "1671"]
[BlackElo "1919"]

1. b3 e5 2. d3 Nc6 3. Bb2 d5 4. g3 Nf6 5. Bg2 Be7 6. Nd2 Be6 7. Ndf3 Nd7 8. e4
d4 9. Ne2 O-O 10. c3 dxc3 11. Nxc3 Bg4 12. h3 Bxf3 13. Qxf3 1-0

[Event "AUTO-BEG-192"]
[Site "http://www.queenalice.com/game.php?id=461684"]
[Date "2008.9.11"]
[Round "2"]
[White "mzambiasi"]
[Black "Persist"]
[Result "0-1"]
[WhiteElo "1704"]
[BlackElo "1906"]

1. d4 Nf6 2. e3 g6 3. Na3 Bg7 4. Qd3 O-O 5. Bd2 a6 6. O-O-O b5 7. e4 d6 8. h4 h5
9. Ba5 Nc6 10. Qc3 Nxa5 11. Qxa5 Bd7 12. f3 c6 13. Qxd8 Rfxd8 14. Nh3 b4 15. Nc4
Rdb8 16. e5 Ne8 17. Nf2 a5 18. g4 Bh6+ 19. g5 Bf8 20. Ne4 Be6 21. b3 a4 22. Ncd2
axb3 23. axb3 Ra2 24. Nc4 Bxc4 25. bxc4 b3 26. Bd3 bxc2 27. Bxc2 Rb4 28. Bb1
Rxc4+ 29. Bc2 Rcxc2+ 30. Kb1 Rab2+ 31. Ka1 Rb6 32. Rd2 Rxd2 33. Nxd2 dxe5 34.
dxe5 f6 35. gxf6 exf6 36. e6 Nc7 37. Re1 Be7 38. Nc4 Ra6+ 39. Kb2 c5 40. Rd1
Rxe6 41. Rd7 Nb5 42. Rb7 Nd6 43. Rb8+ Kf7 44. Nb6 c4 45. Nd7 Re3 46. Rf8+ Bxf8
47. Nxf8 Kxf8 48. Kc2 Rxf3 49. Kc1 Rf2 50. Kd1 c3 51. Kc1 c2 52. Kb2 Nc4+ 53.
Kc1 Ne5 54. Kb2 Ke7 55. Kc1 Nd3# 0-1

[Event "AUTO-BEG-192"]
[Site "http://www.queenalice.com/game.php?id=461685"]
[Date "2008.9.11"]
[Round "2"]
[White "Persist"]
[Black "mzambiasi"]
[Result "1-0"]
[WhiteElo "1901"]
[BlackElo "1614"]

1. d4 d5 2. c4 dxc4 3. Nf3 e6 4. e4 b5 5. a4 b4 6. Bxc4 Nf6 7. Bg5 Qe7 8. e5 Ba6
9. Qd3 Bxc4 10. Qxc4 h6 11. exf6 gxf6 12. Bh4 a5 13. Nbd2 Rg8 14. Ne4 Nd7 15.
Ne5 Nb6 16. Qc6+ Nd7 17. Nxf6+ Kd8 18. Qxa8+ 1-0

[Event "AUTO-BEG-192"]
[Site "http://www.queenalice.com/game.php?id=461688"]
[Date "2008.9.11"]
[Round "2"]
[White "Persist"]
[Black "daga2008"]
[Result "1-0"]
[WhiteElo "1895"]
[BlackElo "1607"]

1. d4 d5 2. c4 dxc4 3. Nf3 b5 4. a4 b4 5. e3 b3 6. Bxc4 Be6 7. Bxe6 fxe6 8. Qxb3
Qd6 9. Nc3 a6 10. O-O Nh6 11. h3 Rg8 12. Ng5 Nd7 13. Nce4 Qc6 14. Qxe6 Qb7 15.
b4 Qxb4 16. Ba3 Qxa4 17. Bxe7 Qb5 18. Bxf8+ Kxf8 19. Nxh7# 1-0

[Event "AUTO-BEG-192"]
[Site "http://www.queenalice.com/game.php?id=461689"]
[Date "2008.9.11"]
[Round "2"]
[White "daga2008"]
[Black "Persist"]
[Result "0-1"]
[WhiteElo "1508"]
[BlackElo "1899"]

1. e4 c5 2. Qh5 e6 3. Bd3 Nc6 4. c3 g6 5. Qf3 Ne5 6. Qe3 Nxd3+ 7. Qxd3 Bg7 8.
Nf3 Ne7 9. O-O O-O 10. b3 d5 11. e5 Nc6 12. Re1 Qc7 13. Na3 a6 14. Qc2 Nxe5 15.
Bb2 Nxf3+ 16. Kf1 Nxe1 17. Rxe1 Qxh2 18. c4 d4 19. g3 Qh3+ 20. Ke2 Qh5+ 21. f3
Qf5 22. d3 b6 23. g4 Qf4 24. Bc1 Qh2+ 25. Kd1 Qxc2+ 26. Nxc2 Bb7 27. f4 Bf3+ 28.
Kd2 Bxg4 29. Rg1 h5 30. Ne1 Rfe8 31. a4 e5 32. Kc2 exf4 33. Ng2 Re2+ 34. Bd2 Bh6
35. Ne3 fxe3 36. Rd1 Rxd2+ 37. Rxd2 exd2 38. Kb2 Be2 39. b4 d1=Q 40. Ka2 Bxd3
41. b5 Qc2+ 42. Ka3 Bc1# 0-1